Sports Quiz

Random Sports or MLB Quiz

Athletes: Before and After Quiz Stats

 Plays Quiz Updated Apr 29, 2019

Score 0/40 Timer 06:00
0 Plays Today
First Name(s)/Nickname(s) Connecting Name % Correct
Bradie, LeBronJames
91.7%
GeorgeBrett
91.3%
Danica, James, LynnPatrick
89.9%
Greg, LarryAllen
87.7%
GeneMichael
85.2%
Bill, JaMarcusRussell
85%
Chris, TyWarren
84%
Art, DickDonovan
84%
David, Frank, NateRobinson
83.5%
Hank, MaxAaron
83%
Chris, JasonTerry
82.9%
Dusty, 'Home Run'Baker
81.1%
Chris, JeanPaul
80.6%
HarryCarson
79.5%
Jeff, RobBlake
79.1%
Herschel, JackWalker
78.5%
Brandon, DonyellMarshall
78.2%
Eddie, PaulGeorge
77.8%
ChadCurtis
74.4%
GerritCole
73.6%
First Name(s)/Nickname(s) Connecting Name % Correct
DarrylShannon
73.6%
IsaacBruce
68.4%
Harvey, HoraceGrant
68.3%
Bill, PatBradley
63.1%
Red, RobertoKelly
60.4%
BranchRickey
59.9%
DavidTerrell
59.4%
CliffordRay
55.8%
Candace, TonyParker
47%
MarvinHarrison
46.4%
DerekJeter
46%
RayGuy
44.7%
Jim, Joel, KristinOtto
28.7%
OrlandoPace
26.7%
Althea, ChristopherGibson
23.7%
BrockMarion
21.3%
CynthiaCooper
7.3%
HarryOliver
6.7%
MattHarvey
5.5%
DickDuff
0.6%

You're not logged in!

Compare scores with friends on all Sporcle quizzes.
OR
Log In

Show Comments

Extras

Top Quizzes Today


Score Distribution

Your Account Isn't Verified!

In order to create a playlist on Sporcle, you need to verify the email address you used during registration. Go to your Sporcle Settings to finish the process.

Report this User

Report this user for behavior that violates our Community Guidelines.

Details: